|
|
|
|
| LEADER |
00000nab a2200000 a 4500 |
| 001 |
vtls000659083 |
| 003 |
SK-MaSNL |
| 005 |
20260304092311.0 |
| 008 |
250425c1997 xo 0 slo |
| 015 |
|
|
|a SNBRB1998/04-08904
|
| 035 |
|
|
|a CLN000011275
|
| 035 |
|
|
|a urn:nbn:sk:snk-abaiot
|
| 035 |
|
|
|a (urnnbn)urn:nbn:sk:snk:ar-008i3l
|
| 035 |
|
|
|a (uuid)a6f477cc-06f8-40d9-a752-9194ae3a4bf7
|
| 040 |
|
|
|a SNKBUCL
|b slo
|c SNKBUCL
|e AACR2
|
| 041 |
0 |
|
|a cze
|
| 044 |
|
|
|a xo
|c SK
|
| 080 |
|
|
|a 612.82
|2 1997
|
| 080 |
|
|
|a 616.831-089
|2 1997
|
| 100 |
1 |
|
|a Pokorný, Jaroslav
|4 aut
|9 6715
|
| 245 |
1 |
0 |
|a Plasticita struktury CNS a její význam pro transplantace
|c J. Pokorný
|
| 300 |
|
|
|b Obr.
|
| 504 |
|
|
|a Res. angl., čes. Bibliogr. odkazy
|
| 650 |
0 |
7 |
|a systém nervový centrálny
|x plasticita
|2 snkbucl
|9 1385905
|
| 655 |
|
7 |
|a články z novín a časopisov
|2 snkbucl
|9 267496
|
| 773 |
0 |
|
|t Česká a slovenská psychiatrie
|g Roč. 93, č. 6 (1997), s. 332-337
|x 0069-2336
|
| 850 |
|
|
|a Slovenská národná knižnica
|
| 852 |
|
|
|a Slovenská národná knižnica
|
| 954 |
|
|
|a odborná, vedecká literatúra cudzojazyčná (svetová)
|2 lita
|
| 958 |
|
|
|a article14
|
| 958 |
|
|
|a OND
|
| 958 |
|
|
|a NB
|
| 958 |
|
|
|a EUIPO
|
| 999 |
|
|
|c 2818626
|d 2820556
|